<?xml version="1.0" encoding="UTF-8"?>
<collection xmlns="http://www.loc.gov/MARC21/slim">
 <record>
  <leader>01631aam a22002538a 4500</leader>
  <controlfield tag="001">NCT_15250</controlfield>
  <controlfield tag="008">140530s2014                  ||||||viesd</controlfield>
  <datafield tag="999" ind1=" " ind2=" ">
   <subfield code="c">727</subfield>
   <subfield code="d">727</subfield>
  </datafield>
  <datafield tag="020" ind1=" " ind2=" ">
   <subfield code="a">9786047327270</subfield>
   <subfield code="c">126000</subfield>
  </datafield>
  <datafield tag="082" ind1="0" ind2="4">
   <subfield code="2">23rd ed.</subfield>
   <subfield code="a">333.7</subfield>
   <subfield code="b">S600</subfield>
  </datafield>
  <datafield tag="100" ind1="1" ind2=" ">
   <subfield code="a">Phùng Chí Sỹ</subfield>
  </datafield>
  <datafield tag="245" ind1="1" ind2="0">
   <subfield code="a">Giáo trình quy hoạch môi trường </subfield>
   <subfield code="c">Phùng Chí Sỹ, Nguyễn Thế Tiến</subfield>
  </datafield>
  <datafield tag="260" ind1=" " ind2=" ">
   <subfield code="a">TP.HCM</subfield>
   <subfield code="b">Nxb. Đại học Quốc Gia HCM</subfield>
   <subfield code="c">2014</subfield>
  </datafield>
  <datafield tag="300" ind1=" " ind2=" ">
   <subfield code="a">188tr.</subfield>
   <subfield code="b">minh hoạ</subfield>
   <subfield code="c">27cm</subfield>
  </datafield>
  <datafield tag="520" ind1="3" ind2=" ">
   <subfield code="a">Cơ sở lý luận về quy hoạch môi trường. Một số phương pháp sử dụng trong quy hoạch môi trường. Nội dung quy hoạch môi trường. Quy hoạch môi trường khu vực và môi trường chuyên đề</subfield>
  </datafield>
  <datafield tag="653" ind1=" " ind2=" ">
   <subfield code="a">Kỹ thuật môi trường</subfield>
  </datafield>
  <datafield tag="655" ind1=" " ind2="7">
   <subfield code="a">Giáo trình</subfield>
  </datafield>
  <datafield tag="700" ind1="1" ind2=" ">
   <subfield code="a">Nguyễn Thế Tiến</subfield>
  </datafield>
  <datafield tag="942" ind1=" " ind2=" ">
   <subfield code="2">ddc</subfield>
   <subfield code="c">BK</subfield>
  </datafield>
  <datafield tag="952" ind1=" " ind2=" ">
   <subfield code="0">0</subfield>
   <subfield code="1">0</subfield>
   <subfield code="2">ddc</subfield>
   <subfield code="4">0</subfield>
   <subfield code="6">333_700000000000000_S600</subfield>
   <subfield code="7">0</subfield>
   <subfield code="9">2756</subfield>
   <subfield code="a">000001</subfield>
   <subfield code="b">000001</subfield>
   <subfield code="d">2017-11-06</subfield>
   <subfield code="l">3</subfield>
   <subfield code="o">333.7 S600</subfield>
   <subfield code="p">MD.04128</subfield>
   <subfield code="r">2020-07-01</subfield>
   <subfield code="s">2020-06-16</subfield>
   <subfield code="v">126000.00</subfield>
   <subfield code="w">2017-11-06</subfield>
   <subfield code="y">BK</subfield>
  </datafield>
  <datafield tag="952" ind1=" " ind2=" ">
   <subfield code="0">0</subfield>
   <subfield code="1">0</subfield>
   <subfield code="2">ddc</subfield>
   <subfield code="4">0</subfield>
   <subfield code="6">333_700000000000000_S600</subfield>
   <subfield code="7">0</subfield>
   <subfield code="9">2757</subfield>
   <subfield code="a">000001</subfield>
   <subfield code="b">000001</subfield>
   <subfield code="d">2017-11-06</subfield>
   <subfield code="l">2</subfield>
   <subfield code="o">333.7 S600</subfield>
   <subfield code="p">MD.04129</subfield>
   <subfield code="r">2018-07-19</subfield>
   <subfield code="s">2018-07-03</subfield>
   <subfield code="v">126000.00</subfield>
   <subfield code="w">2017-11-06</subfield>
   <subfield code="y">BK</subfield>
  </datafield>
  <datafield tag="952" ind1=" " ind2=" ">
   <subfield code="0">0</subfield>
   <subfield code="1">0</subfield>
   <subfield code="2">ddc</subfield>
   <subfield code="4">0</subfield>
   <subfield code="6">333_700000000000000_S600</subfield>
   <subfield code="7">0</subfield>
   <subfield code="9">2758</subfield>
   <subfield code="a">000001</subfield>
   <subfield code="b">000001</subfield>
   <subfield code="d">2017-11-06</subfield>
   <subfield code="l">3</subfield>
   <subfield code="o">333.7 S600</subfield>
   <subfield code="p">MD.04130</subfield>
   <subfield code="r">2020-07-04</subfield>
   <subfield code="s">2020-06-19</subfield>
   <subfield code="v">126000.00</subfield>
   <subfield code="w">2017-11-06</subfield>
   <subfield code="y">BK</subfield>
  </datafield>
  <datafield tag="952" ind1=" " ind2=" ">
   <subfield code="0">0</subfield>
   <subfield code="1">0</subfield>
   <subfield code="2">ddc</subfield>
   <subfield code="4">0</subfield>
   <subfield code="6">333_700000000000000_S600</subfield>
   <subfield code="7">0</subfield>
   <subfield code="9">2759</subfield>
   <subfield code="a">000001</subfield>
   <subfield code="b">000001</subfield>
   <subfield code="d">2017-11-06</subfield>
   <subfield code="o">333.7 S600</subfield>
   <subfield code="p">MD.04131</subfield>
   <subfield code="r">2017-11-06</subfield>
   <subfield code="v">126000.00</subfield>
   <subfield code="w">2017-11-06</subfield>
   <subfield code="y">BK</subfield>
  </datafield>
  <datafield tag="980" ind1=" " ind2=" ">
   <subfield code="a">Thư viện Trường Đại học Nam Cần Thơ</subfield>
  </datafield>
 </record>
</collection>
